ARRUPE JESUIT UNIVERSITY

CORONAVIRUS -STOP THE SPREAD - CLEAN,DISINFECT,COVER

The yellow man looks on; (Record no. 124099)

MARC details
000 -LEADER
fixed length control field 00962cam a22002651 4500
001 - CONTROL NUMBER
control field 7358224
003 - CONTROL NUMBER IDENTIFIER
control field ARRUPE
005 - DATE AND TIME OF LATEST TRANSACTION
control field 20160208150815.0
008 - FIXED-LENGTH DATA ELEMENTS--GENERAL INFORMATION
fixed length control field 740510s1933 xx 000 0 eng
010 ## - LIBRARY OF CONGRESS CONTROL NUMBER
LC control number 34037809
035 ## - SYSTEM CONTROL NUMBER
System control number (OCoLC)882819
040 ## - CATALOGING SOURCE
Original cataloging agency DLC
Transcribing agency N
Modifying agency OCoLC
-- DLC
042 ## - AUTHENTICATION CODE
Authentication code premarc
050 00 - LIBRARY OF CONGRESS CALL NUMBER
Classification number SPC DT766
Item number .C45
082 ## - DEWEY DECIMAL CLASSIFICATION NUMBER
Classification number 968
300 ## - PHYSICAL DESCRIPTION
Dimensions 23 cm.
100 1# - MAIN ENTRY--PERSONAL NAME
Personal name Chilvers, Hedley Arthur,
Dates associated with a name 1879-
9 (RLIN) 22041
245 14 - TITLE STATEMENT
Title The yellow man looks on;
Remainder of title being the story of the Anglo-Dutch conflict in Southern Africa and its interest for the peoples of Asia,
Statement of responsibility, etc by Hedley A. Chilvers... with a foreword by Sir Abe Bailey, bart.
260 ## - PUBLICATION, DISTRIBUTION, ETC. (IMPRINT)
Place of publication, distribution, etc London [etc.]
Name of publisher, distributor, etc Cassell and company, limited
Date of publication, distribution, etc [1933]
300 ## - PHYSICAL DESCRIPTION
Extent xiv, 240 p.
650 #0 - SUBJECT ADDED ENTRY--TOPICAL TERM
Topical term or geographic name as entry element Asians
Geographic subdivision South Africa.
9 (RLIN) 22042
651 #0 - SUBJECT ADDED ENTRY--GEOGRAPHIC NAME
Geographic name South Africa
General subdivision History.
9 (RLIN) 22043
651 #0 - SUBJECT ADDED ENTRY--GEOGRAPHIC NAME
Geographic name South Africa
General subdivision Politics and government.
9 (RLIN) 22044
906 ## - LOCAL DATA ELEMENT F, LDF (RLIN)
a 7
b cbc
c oclcrpl
d u
e ncip
f 19
g y-gencatlg
942 ## - ADDED ENTRY ELEMENTS (KOHA)
Source of classification or shelving scheme Library of Congress Classification
Koha item type Monograph ( Printed materials)
Holdings
Withdrawn status Lost status Source of classification or shelving scheme Damaged status Not for loan Collection code Home library Current library Shelving location Date acquired Total Checkouts Full call number Barcode Date last seen Price effective from Koha item type
    Library of Congress Classification     SPECIAL Collection ARRUPE LIBRARY ARRUPE LIBRARY Main Collection 08/02/2016   SPC DT766 .C45 46500006109 08/02/2016 08/02/2016 SPC

 

Arrupe Library. PO Box MP320 Mt Pleasant, Harare, Zimbabwe
263 242 745411|librarian@aju.ac.zw